[Event "San Francisco TNM Spring op"]
[Site "San Francisco"]
[Date "2017.03.14"]
[Round "1"]
[White "Yanofsky, Kevin"]
[Black "Shaw, Tenzing W"]
[Result "0-1"]
[WhiteElo "1642"]
[BlackElo "2220"]
[PlyCount "42"]
[EventDate "2017.03.14"]
[EventType "swiss"]
[EventRounds "8"]
[EventCountry "USA"]
[SourceTitle "EXT 2023"]
[Source "ChessBase"]
[SourceDate "2022.10.05"]
[SourceVersion "1"]
[SourceVersionDate "2022.10.05"]
[SourceQuality "1"]

1. d4 f5 2. e4 fxe4 3. Nc3 Nf6 4. Bg5 Nc6 5. d5 Ne5 6. Qe2 Nf7 7. Bxf6 gxf6 8. Nxe4 Bg7 9. 0-0-0 c6 10. d6 e6 11. Qh5 f5 12. Ng3 Qf6 13. c3 b5 14. Bd3 b4 15. N1e2 Rb8 16. Bxf5 exf5 17. Nxf5 0-0 18. Ne7+ Kh8 19. Kc2 bxc3 20. Nf4 Rxb2+ 21. Kd3 Qd4# 0-1

[Event "San Francisco TNM Summer op"]
[Site "San Francisco"]
[Date "2016.07.12"]
[Round "8"]
[White "Winslow, Elliott C"]
[Black "Shaw, Tenzing W"]
[Result "0-1"]
[WhiteElo "2330"]
[BlackElo "2292"]
[PlyCount "138"]
[EventDate "2016.05.24"]
[EventType "swiss"]
[EventRounds "8"]
[EventCountry "USA"]
[SourceTitle "EXT 2018"]
[Source "ChessBase"]
[SourceDate "2017.10.13"]
[SourceVersion "1"]
[SourceVersionDate "2017.10.13"]
[SourceQuality "1"]

1. Nf3 Nf6 2. d4 d5 3. c4 c6 4. e3 e6 5. b3 Nbd7 6. Bb2 Bb4+ 7. Nbd2 0-0 8. Bd3 dxc4 9. bxc4 Nc5 10. Bc2 Nce4 11. 0-0 Nxd2 12. Nxd2 b6 13. Ne4 Ba6 14. Qd3 g6 15. Nxf6+ Qxf6 16. f4 c5 17. Qb3 Qe7 18. Be4 Rad8 19. a3 Ba5 20. Rfd1 cxd4 21. Bxd4 Rc8 22. Rac1 Rfd8 23. Bd3 f6 24. Qb2 Kf7 25. Qf2 f5 26. h3 h5 27. Qe2 Bb7 28. Kh2 Qxa3 29. c5 Bd5 30. Ra1 Qb4 31. Rdb1 Bb3 32. Qb2 bxc5 33. Qxb3 Qxb3 34. Rxb3 Bb6 35. Ba6 cxd4 36. Bxc8 Rxc8 37. exd4 Rd8 38. Rd1 Rxd4 39. Rxd4 Bxd4 40. Kg3 Kf6 41. Kf3 e5 42. h4 e4+ 43. Ke2 Bb6 44. Kd2 Ke6 45. Kc3 Bf2 46. Ra3 Bxh4 47. Ra6+ Kf7 48. Rxa7+ Kf6 49. Ra6+ Kg7 50. Kd4 Bg3 51. Ke5 e3 52. Ra7+ Kh6 53. Ra2 h4 54. Re2 Bf2 55. Kd4 Kh5 56. Kd3 Kg4 57. Ra2 Kxf4 58. Ke2 g5 59. Kf1 g4 60. Ra5 h3 61. gxh3 gxh3 62. Ra8 Kf3 63. Ra3 Kg3 64. Ra8 h2 65. Rh8 f4 66. Rh7 Bg1 67. Ke2 f3+ 68. Kd1 e2+ 69. Kd2 Kf2 0-1

[Event "San Francisco TNM Summer op"]
[Site "San Francisco"]
[Date "2016.06.21"]
[Round "5"]
[White "Shaw, Tenzing W"]
[Black "Viswanath, Ganesh"]
[Result "1/2-1/2"]
[WhiteElo "2292"]
[BlackElo "2082"]
[PlyCount "101"]
[EventDate "2016.05.24"]
[EventType "swiss"]
[EventRounds "8"]
[EventCountry "USA"]
[SourceTitle "EXT 2018"]
[Source "ChessBase"]
[SourceDate "2017.10.13"]
[SourceVersion "1"]
[SourceVersionDate "2017.10.13"]
[SourceQuality "1"]

1. c4 Nf6 2. Nc3 e6 3. e4 d5 4. e5 d4 5. exf6 dxc3 6. bxc3 Qxf6 7. Nf3 c5 8. d4 h6 9. Bd3 cxd4 10. cxd4 Bb4+ 11. Bd2 Bxd2+ 12. Qxd2 Nc6 13. Qe3 0-0 14. 0-0 Rd8 15. Rad1 Bd7 16. Bb1 Rac8 17. Qe4 Kf8 18. d5 Ne7 19. Rfe1 Ng6 20. Nd4 exd5 21. cxd5 Re8 22. Qd3 Rxe1+ 23. Rxe1 Re8 24. Rxe8+ Kxe8 25. g3 Kd8 26. f4 Qb6 27. Bc2 Ne7 28. Kg2 Nxd5 29. Bb3 Qd6 30. Qe4 Nf6 31. Qe5 Qxe5 32. fxe5 Ng4 33. e6 fxe6 34. Nxe6+ Bxe6 35. Bxe6 Ne5 36. Kf2 Ke7 37. Bc8 b5 38. Ke3 a5 39. h3 b4 40. Kd4 Kd6 41. Bb7 a4 42. Bd5 Nc6+ 43. Kc4 b3 44. a3 Ke5 45. Bf7 Nd4 46. g4 g5 47. Kb4 b2 48. Bg6 Kd5 49. Kc3 Ne2+ 50. Kxb2 Nf4 51. Bc2 1/2-1/2

[Event "San Francisco TNM Spring op"]
[Site "San Francisco"]
[Date "2016.03.15"]
[Round "1"]
[White "Yamamoto, Craig"]
[Black "Shaw, Tenzing W"]
[Result "0-1"]
[WhiteElo "1617"]
[BlackElo "2292"]
[PlyCount "54"]
[EventDate "2016.03.15"]
[EventType "swiss"]
[EventRounds "8"]
[EventCountry "USA"]
[SourceTitle "EXT 2018"]
[Source "ChessBase"]
[SourceDate "2017.10.13"]
[SourceVersion "1"]
[SourceVersionDate "2017.10.13"]
[SourceQuality "1"]

1. d4 Nf6 2. c4 c6 3. Nf3 d5 4. e3 e6 5. Nc3 Nbd7 6. Bd3 Be7 7. 0-0 dxc4 8. Bxc4 b5 9. Be2 Bb7 10. a3 0-0 11. Nd2 a5 12. Bf3 Qb6 13. g3 Rfd8 14. Bg2 c5 15. Bxb7 Qxb7 16. Nf3 b4 17. Nb1 e5 18. dxe5 Nxe5 19. Nbd2 Nd3 20. Qe2 Rac8 21. b3 Ne4 22. Nxe4 Qxe4 23. Nd2 Qe6 24. Nc4 a4 25. Qc2 Bf6 26. Ra2 Ne5 27. Nd2 Rxd2 0-1

[Event "San Francisco TNM Summer op"]
[Site "San Francisco"]
[Date "2015.06.23"]
[Round "5"]
[White "Shaw, Tenzing W"]
[Black "Zhao, Art"]
[Result "1/2-1/2"]
[WhiteElo "2273"]
[BlackElo "2208"]
[PlyCount "65"]
[EventDate "2015.05.26"]
[EventType "swiss"]
[EventRounds "8"]
[EventCountry "USA"]
[SourceTitle "EXT 2016"]
[Source "ChessBase"]
[SourceDate "2015.10.08"]
[SourceVersion "1"]
[SourceVersionDate "2015.10.08"]
[SourceQuality "1"]

1. d4 d5 2. c4 c6 3. Nc3 Nf6 4. e3 g6 5. Nf3 Bg7 6. Be2 0-0 7. 0-0 Nbd7 8. a4 b6 9. Qb3 Bb7 10. a5 Rb8 11. cxd5 cxd5 12. a6 Bc6 13. Bb5 Ba8 14. Bd2 Ne4 15. Rfd1 Nxd2 16. Rxd2 Nf6 17. Rc2 Ne8 18. Rac1 Nd6 19. Ne5 Rc8 20. Be2 e6 21. Nb5 Rxc2 22. Qxc2 Nxb5 23. Bxb5 Bxe5 24. dxe5 d4 25. e4 Qg5 26. Bd3 Qxe5 27. Qc7 Qa5 28. Rd1 Qa4 29. Rc1 Qb4 30. Qc2 Qa5 31. Qc4 e5 32. b4 Qa3 33. b5 1/2-1/2

[Event "San Francisco TNM Winter op"]
[Site "San Francisco"]
[Date "2015.02.03"]
[Round "5"]
[White "Shaw, Tenzing W"]
[Black "Shakhnazarov, Oleg"]
[Result "1-0"]
[WhiteElo "2255"]
[BlackElo "2140"]
[PlyCount "75"]
[EventDate "2015.01.06"]
[EventType "swiss"]
[EventRounds "8"]
[EventCountry "USA"]
[SourceTitle "EXT 2016"]
[Source "ChessBase"]
[SourceDate "2015.10.08"]
[SourceVersion "1"]
[SourceVersionDate "2015.10.08"]
[SourceQuality "1"]

1. e4 e5 2. Nf3 Nc6 3. Bb5 a6 4. Ba4 Nf6 5. d3 b5 6. Bb3 Be7 7. a4 b4 8. Nbd2 0-0 9. 0-0 d6 10. h3 Na5 11. Ba2 c5 12. Re1 Rb8 13. Nb3 Nc6 14. c3 Ne8 15. Be3 Nc7 16. d4 exd4 17. cxd4 c4 18. Nbd2 c3 19. bxc3 bxc3 20. Nb1 d5 21. exd5 Nxd5 22. Bxd5 Qxd5 23. Nxc3 Qf5 24. d5 Nb4 25. Ba7 Rb7 26. Rxe7 Rxe7 27. Bc5 Rb7 28. Bxf8 Kxf8 29. Qd4 h6 30. Rd1 Kg8 31. Ne4 Qg6 32. Ne5 Qh5 33. Rc1 Bxh3 34. gxh3 Qxh3 35. Rc3 Qh4 36. Ng4 Qxg4+ 37. Rg3 Nc2 38. Nf6+ 1-0

[Event "San Francisco TNM Fall op"]
[Site "San Francisco"]
[Date "2014.11.26"]
[Round "5"]
[White "Shakhnazarov, Oleg"]
[Black "Shaw, Tenzing W"]
[Result "0-1"]
[WhiteElo "2154"]
[BlackElo "2246"]
[PlyCount "72"]
[EventDate "2014.10.21"]
[EventType "swiss"]
[EventRounds "8"]
[EventCountry "USA"]
[SourceTitle "EXT 2016"]
[Source "ChessBase"]
[SourceDate "2015.10.08"]
[SourceVersion "1"]
[SourceVersionDate "2015.10.08"]
[SourceQuality "1"]

1. e4 e6 2. d4 d5 3. e5 c5 4. c3 Nc6 5. Nf3 Bd7 6. dxc5 Bxc5 7. Bd3 Nge7 8. b4 Bb6 9. b5 Na5 10. 0-0 Ng6 11. a4 0-0 12. h4 f6 13. exf6 gxf6 14. h5 Ne5 15. Nxe5 fxe5 16. Qg4+ Kh8 17. Bxh7 Kxh7 18. Qg6+ Kh8 19. Bg5 Qe8 20. Bf6+ Rxf6 21. Qxf6+ Kh7 22. Nd2 e4 23. c4 e3 24. Nf3 exf2+ 25. Rxf2 Qf8 26. Qg6+ Kh8 27. Raf1 Qg7 28. Qc2 Nxc4 29. Nh4 Be8 30. Kh1 Bxf2 31. Qxf2 Bxh5 32. Qf4 Rg8 33. g3 Qg5 34. Qf2 Qxg3 35. Qf6+ Qg7 36. Qxe6 Bf3+ 0-1

[Event "San Francisco TNM Fall op"]
[Site "San Francisco"]
[Date "2014.11.04"]
[Round "3"]
[White "Shaw, Tenzing W"]
[Black "Walder, Michael S"]
[Result "1-0"]
[WhiteElo "2246"]
[BlackElo "2130"]
[PlyCount "60"]
[EventDate "2014.10.21"]
[EventType "swiss"]
[EventRounds "8"]
[EventCountry "USA"]
[SourceTitle "EXT 2016"]
[Source "ChessBase"]
[SourceDate "2015.10.08"]
[SourceVersion "1"]
[SourceVersionDate "2015.10.08"]
[SourceQuality "1"]

1. c4 c5 2. g3 g6 3. Bg2 Bg7 4. Nc3 Nc6 5. e4 e6 6. Nge2 Nge7 7. 0-0 0-0 8. Rb1 d6 9. a3 b6 10. b4 Bb7 11. d3 Qd7 12. Qb3 Nd4 13. Nxd4 cxd4 14. Ne2 Rac8 15. Bb2 e5 16. b5 Kh8 17. a4 f5 18. f3 g5 19. Ra1 g4 20. f4 Qc7 21. Rac1 Qd8 22. Ba3 Qc7 23. Qb4 fxe4 24. fxe5 Bxe5 25. Rxf8+ Rxf8 26. dxe4 Ng6 27. Qd2 Qf7 28. Nxd4 Rc8 29. Qd3 Qd7 30. Nf5 Qc7 1-0

[Event "North American op 22nd"]
[Site "Las Vegas"]
[Date "2012.12.26"]
[Round "2"]
[White "Ramirez Alvarez, Alejandro"]
[Black "Shaw, Tenzing W"]
[Result "1-0"]
[WhiteElo "2554"]
[BlackElo "2202"]
[PlyCount "61"]
[EventDate "2012.12.26"]
[EventType "swiss"]
[EventRounds "9"]
[EventCountry "USA"]
[SourceTitle "CBM 152 Extra"]
[Source "ChessBase"]
[SourceDate "2013.02.25"]
[SourceVersion "1"]
[SourceVersionDate "2013.02.25"]
[SourceQuality "1"]

1. d4 Nf6 2. c4 e6 3. Nf3 Bb4+ 4. Nbd2 0-0 5. a3 Be7 6. e4 d5 7. e5 Nfd7 8. b4 a5 9. b5 c5 10. Bb2 b6 11. cxd5 exd5 12. Bd3 cxd4 13. Bxd4 Nc5 14. Bc2 Ne6 15. 0-0 Nd7 16. Re1 Ndc5 17. Nf1 Bb7 18. Ne3 g6 19. Bb2 Rc8 20. a4 Rc7 21. Nd4 Nxd4 22. Bxd4 Rc8 23. Nf5 Re8 24. e6 f6 25. Nh6+ Kg7 26. Nf7 Qc7 27. Qd2 Nxe6 28. Qh6+ Kg8 29. Bxg6 hxg6 30. Rxe6 Kxf7 31. Rae1 1-0

[Event "Lasker Memorial op-A 15th"]
[Site "Barlinek"]
[Date "2007.06.09"]
[Round "9"]
[White "Paprocki, Jaroslaw"]
[Black "Shaw, Tenzing W"]
[Result "1/2-1/2"]
[WhiteElo "2217"]
[BlackElo "2164"]
[PlyCount "106"]
[EventDate "2007.06.02"]
[EventType "swiss"]
[EventRounds "10"]
[EventCountry "POL"]
[SourceTitle "CBM 118 Extra"]
[Source "ChessBase"]
[SourceDate "2007.07.04"]
[SourceVersion "1"]
[SourceVersionDate "2007.07.04"]
[SourceQuality "1"]

1. Nf3 c5 2. e4 Nc6 3. Bb5 g6 4. 0-0 Bg7 5. Re1 Nf6 6. e5 Nd5 7. Bxc6 dxc6 8. d3 Bg4 9. Nbd2 0-0 10. h3 Bxf3 11. Nxf3 Nc7 12. Be3 Ne6 13. Qd2 Qd5 14. Bh6 Nd4 15. Nxd4 cxd4 16. Re4 Rfe8 17. Bxg7 Kxg7 18. Rh4 Rh8 19. Qh6+ Kg8 20. Re4 c5 21. b3 Qd8 22. e6 f6 23. Rae1 Qf8 24. Qd2 Kg7 25. h4 h5 26. c3 dxc3 27. Qxc3 b6 28. d4 Rc8 29. dxc5 Rxc5 30. Qb4 Qc8 31. Qa3 Qb7 32. Rd4 Rhc8 33. Rd7 R8c7 34. Rd8 Rc8 35. Rd7 R8c7 36. Rd3 Rd5 37. b4 Rxd3 38. Qxd3 Qc6 39. Qd8 Qc4 40. a3 a5 41. b5 Qc5 42. Qe8 Qd6 43. Qf7+ Kh6 44. Qg8 g5 45. Qh8+ Kg6 46. g4 Qf4 47. Qg8+ Kh6 48. Qh8+ Kg6 49. gxh5+ Kf5 50. Qh7+ Kg4 51. Re4 Kh3 52. Re3+ Kxh4 53. Re4 Kh3 1/2-1/2

[Event "Lasker Memorial op-A 15th"]
[Site "Barlinek"]
[Date "2007.06.05"]
[Round "4"]
[White "Shaw, Tenzing W"]
[Black "Maljush, Andrej"]
[Result "0-1"]
[WhiteElo "2164"]
[BlackElo "2343"]
[PlyCount "68"]
[EventDate "2007.06.02"]
[EventType "swiss"]
[EventRounds "10"]
[EventCountry "POL"]
[SourceTitle "CBM 118 Extra"]
[Source "ChessBase"]
[SourceDate "2007.07.04"]
[SourceVersion "1"]
[SourceVersionDate "2007.07.04"]
[SourceQuality "1"]

1. c4 g6 2. g3 Bg7 3. Bg2 Nf6 4. Nc3 c5 5. Nf3 0-0 6. 0-0 Nc6 7. a3 e6 8. e3 d5 9. cxd5 Nxd5 10. d4 Nxc3 11. bxc3 Qc7 12. a4 Rd8 13. Ba3 b6 14. Qc2 Ba6 15. Rfd1 Na5 16. dxc5 bxc5 17. Rxd8+ Rxd8 18. Rd1 Rxd1+ 19. Qxd1 Nc4 20. Bf1 Qb6 21. Bc1 Bxc3 22. Qc2 Qb4 23. Nd2 Ne5 24. Bxa6 Bxd2 25. Bxd2 Nf3+ 26. Kf1 Nxd2+ 27. Ke2 Ne4 28. Kd3 Nd6 29. f3 Qe1 30. e4 Qf1+ 31. Qe2 c4+ 32. Ke3 Qg1+ 33. Qf2 Qb1 34. Qd2 Qb6+ 0-1